Nommez une ville par pays d'Amérique du Sud - Sans les capitales ! - Statistiques

Statistiques générales
  • Ce quiz a été pris 62 fois
  • Le résultat moyen est 4 sur 12
Réponses sur la Carte
Les réponses sont colorées sur une échelle allant du rouge au vert en fonction du pourcentage des utilisateurs qui les ont devinées à leur premier essai. Vous pouvez retrouver ces pourcentages ci-dessous.
 
Statistiques - réponses
Pays Ville % Correct
Brésil São Paulo | Rio de Janeiro | Fortaleza | Salvador | Belo Horizonte | Manaus | Curitiba | Recife
100%
Colombie Medellin | Cali | Barranquilla | Cartagena | Soacha | Cúcuta | Soledad | Bucaramanga
71%
Argentine Córdoba | Rosario | Mendoza | Tucumán | Salta | Mar del Plata | San Juan | Santa Fe | Ushuaïa
63%
Équateur Guayaquil | Cuenca | Santo Domingo | Durán (Eloy Alfaro) | Machala | Manta | Calderón | Portoviejo
39%
Pérou Arequipa | Trujillo | Chiclayo | Piura | Cusco | Huancayo | Iquitos | Pucallpa | Chimbote
34%
Chili Valparaíso | Concepción | La Serena | Antofagasta | Iquique | Rancagua | Temuco | Talca
34%
Bolivie Santa Cruz (de la Sierra) | El Alto | Cochabamba | Oruro | Tarija | Potosí | Sacaba | Quillacollo
30%
Venezuela Maracaibo | Valencia | Barquisimeto | Ciudad Guayana | Maturín | Maracay | Barcelona | Petare
25%
Paraguay Ciudad del Este (Presidente Stroessner) | Encarcación | Pedro Juan Caballero | Coronel Oviedo | Limpio | Areguà | Itauguà | Ypané | Concepción
5%
Suriname Lelydorp | Nieuw Nickerie | Moengo | Saramacca Polder | Para Noord | Westelijke Polders | Smal-Kalden Paranam (Para Oost) | Oostelijke Polders
2%
Guyana Linden (Mackenzie) | Golden Grove | Lusignan | Paradise | New Amsterdam | Better Hope | Tuchen | Vreed en Hoop
2%
Uruguay Salto | Ciudad de la Costa | Maldonado | Rivera | Paysandù | Las Piedras | Tacuarembò | Melo
2%
Aucun quiz correspondant
Distribution des résultats
% des personnes avec chaque résultat
Percentile par nombre de réponses
Votre historique - résultats
Vous n’avez pas pris ce quiz